000 00574nam a2200169 a 4500
001 000027331
005 20200930030746.0
008 110331s1985 dr a 000 0 spa d
040 _aDO-SdBNP
_bspa
_cBNPHU
100 1 _aGadea, Jorge A.
_921355
245 0 _aLa comunicación internacional :
_bmanual de entretenimiento en comunicación /
_cJorge A. Gadea, Will A. Gadea.
260 _aSanto Domingo :
_bEditora Corripio,
_c1985.
490 1 _aLíderes para el desarrollo
700 1 _aGadea, Will A.
_954410
830 0 _aLíderes para el desarrollo
_954411
049 _aBNPD
999 _c26823
_d26823